Musicoterapia
Guardat en:
| Autor principal: | |
|---|---|
| Format: | Llibre |
| Idioma: | espanyol |
| Publicat: |
Barcelona
Paidós
1967
|
| Col·lecció: | Paidós Educador, 60
|
| Matèries: | |
| Etiquetes: |
Afegir etiqueta
Sense etiquetes, Sigues el primer a etiquetar aquest registre!
|
MARC
| LEADER | 00000nam a2200000 a 4500 | ||
|---|---|---|---|
| 001 | UCN1142 | ||
| 003 | CL-VaPUC | ||
| 008 | 010420e19670000SP |||||||||||||||||spa|d | ||
| 082 | 0 | 4 | |a 615.85154 |b ALV |2 21 |
| 100 | 0 | |a Alvin, Juliette |e author |9 456563 | |
| 245 | 1 | 0 | |a Musicoterapia |
| 300 | |a 213 p | ||
| 942 | |c BK | ||
| 945 | |d 20010420 00:00:00 |a crobeson | ||
| 260 | |a Barcelona |b Paidós |c 1967 | ||
| 650 | 0 | |a Musicoterapia |9 308156 | |
| 650 | 7 | |a MUSICA ASPECTOS PSICOLOGICOS |2 CL-VaPUC |9 331560 | |
| 650 | 7 | |a MUSICA ASPECTOS FISIOLOGICOS |2 CL-VaPUC |9 306760 | |
| 583 | |a last modification |c 20010420 00:00:00 |k Rodrigo Vera | ||
| 490 | 0 | |a Paidós Educador, 60 | |
| 999 | |c 294719 |d 294717 | ||
| 952 | |0 0 |1 0 |4 0 |6 615_851540000000000_ALV_1967 |7 0 |8 A |9 347418 |a BIBEDU |b BIBEDU |d 2019-11-20 |i 1248502 |o 615.85154 ALV 1967 |p 1248502 |r 2023-01-12 |w 2019-11-20 |y BK |k MUS | ||